<?xml version="1.0" encoding="UTF-8"?>
<marc:record xmlns:marc="http://www.loc.gov/MARC21/slim">
   <marc:leader>00000nam a2200000 a 4500</marc:leader>
   <marc:datafield ind1="1" ind2=" " tag="100">
      <marc:subfield code="a">Brückmann, Philipp</marc:subfield>
      <marc:subfield code="4">aut</marc:subfield>
      <marc:subfield code="e">Verfasser/-in</marc:subfield>
   </marc:datafield>
   <marc:datafield ind1=" " ind2=" " tag="653">
      <marc:subfield code="a">Eigenstromerzeugung</marc:subfield>
   </marc:datafield>
   <marc:datafield ind1=" " ind2=" " tag="653">
      <marc:subfield code="a">Erneuerbare Energien</marc:subfield>
   </marc:datafield>
   <marc:datafield ind1=" " ind2=" " tag="653">
      <marc:subfield code="a">Eigenerzeugungsanlage</marc:subfield>
   </marc:datafield>
   <marc:datafield ind1=" " ind2=" " tag="653">
      <marc:subfield code="a">Niederspannungsanlage</marc:subfield>
   </marc:datafield>
   <marc:datafield ind1=" " ind2=" " tag="653">
      <marc:subfield code="a">Batterie</marc:subfield>
   </marc:datafield>
   <marc:datafield ind1=" " ind2=" " tag="653">
      <marc:subfield code="a">Inselnetz</marc:subfield>
   </marc:datafield>
   <marc:datafield ind1=" " ind2=" " tag="653">
      <marc:subfield code="a">Elektrotechnik</marc:subfield>
   </marc:datafield>
   <marc:datafield ind1=" " ind2=" " tag="653">
      <marc:subfield code="a">Nachrichtentechnik</marc:subfield>
   </marc:datafield>
   <marc:datafield ind1="0" ind2="0" tag="245">
      <marc:subfield code="a">Autonome Stromversorgung</marc:subfield>
   </marc:datafield>
   <marc:datafield ind1="0" ind2="0" tag="245">
      <marc:subfield code="b">Auslegung und Praxis von Stromversorgungsanlagen mit Batteriespeicher</marc:subfield>
   </marc:datafield>
   <marc:datafield ind1="0" ind2="0" tag="245">
      <marc:subfield code="c">Philipp Brückmann</marc:subfield>
   </marc:datafield>
   <marc:datafield ind1=" " ind2="1" tag="264">
      <marc:subfield code="a">Staufen bei Freiburg</marc:subfield>
      <marc:subfield code="b">Ökobuch</marc:subfield>
      <marc:subfield code="c">2007</marc:subfield>
   </marc:datafield>
   <marc:datafield ind1=" " ind2=" " tag="250">
      <marc:subfield code="a">1. Aufl.</marc:subfield>
   </marc:datafield>
   <marc:datafield ind1="1" ind2=" " tag="520">
      <marc:subfield code="a">Angaben aus der Verlagsmeldung

Autonome Stromversorgung : Auslegung und Praxis von Stromversorgungsanlagen mit Batteriespeicher / von Philipp Brückmann

Zweck dieses Buches ist es, Anwendern und Planern einen fundierten Einblick in die Möglichkeiten und die Technik von autonomen Stromversorgungsanlagen zu vermitteln. Insbesondere wird praxisbezogen auf alle Aspekte eingegangen, welche für den erfolgreichen Betrieb solcher Anlagen von Be­deutung sind.
Dabei wird das ganze Spektrum von der einfachen Beleuch­tungs­anlage bis zur Versorgung von produktiven Anwendungen in den Be­rei­chen Landwirtschaft und Handwerk behandelt. Die Ausführungen sind das Resultat jahrelanger Be­­schäftigung mit dieser Thematik und dementsprechend auch klar von persönlichen Erfahrungen ge­prägt.
Das Buch beschränkt sich auf Kleinspannungsanlagen, die mit Gleich­span­nun­g unter 50 V arbeiten (typisch 12 V oder 24 V) und in der Regel eine Spei­cherbatterie aufweisen. Auf Wechselspannungs-Kleinkraftwerke oder Generatoren mit Ver­bren­nungsmotoren wird im Rahmen diese Buches nicht eingegangen.
</marc:subfield>
   </marc:datafield>
   <marc:datafield ind1=" " ind2=" " tag="020">
      <marc:subfield code="a">9783936896282</marc:subfield>
      <marc:subfield code="9">9783936896282</marc:subfield>
   </marc:datafield>
   <marc:datafield ind1=" " ind2=" " tag="020">
      <marc:subfield code="a">3936896283</marc:subfield>
      <marc:subfield code="9">3936896283</marc:subfield>
   </marc:datafield>
   <marc:datafield ind1=" " ind2=" " tag="041">
      <marc:subfield code="a">ger</marc:subfield>
   </marc:datafield>
   <marc:datafield ind1=" " ind2=" " tag="300">
      <marc:subfield code="a">107 S.</marc:subfield>
   </marc:datafield>
</marc:record>
